[Event "ROM-ch U08"]
[Site "Calimanesti Caciulata"]
[Date "2019.04.21"]
[Round "8"]
[White "Nemtisor, Andrei"]
[Black "Matei Catruna, Andrei"]
[Result "1-0"]
[WhiteElo "1094"]
[BlackElo "1042"]
[PlyCount "95"]
[EventDate "2019.04.15"]
[EventType "swiss"]
[EventRounds "9"]
[EventCountry "ROU"]
[SourceTitle "CBM 190 Extra"]
[Source "ChessBase"]
[SourceDate "2019.07.15"]
[SourceVersion "1"]
[SourceVersionDate "2019.07.15"]
[SourceQuality "1"]

1. d4 d5 2. Nf3 Nf6 3. e3 e6 4. Bd3 Be7 5. 0-0 0-0 6. Nbd2 b6 7. e4 dxe4 8. Nxe4 Bb7 9. Qe2 Nbd7 10. Nfg5 h6 11. Nf3 c5 12. dxc5 Nxc5 13. Nxc5 Bxc5 14. Rd1 Bxf3 15. Qxf3 Qc7 16. Be2 Rfd8 17. Bxh6 Bd4 18. Rxd4 Rxd4 19. Qxa8+ Qd8 20. Qxd8+ Rxd8 21. Bg5 Rd5 22. Bxf6 gxf6 23. Rd1 Rc5 24. Rd8+ Kg7 25. Bd3 Re5 26. f4 Ra5 27. a3 Rd5 28. Rxd5 exd5 29. Kf2 Kf8 30. Ke3 Ke7 31. Kd4 Kd6 32. c4 dxc4 33. Kxc4 Kc6 34. Bf5 a6 35. h4 Kd6 36. h5 Ke7 37. h6 Kf8 38. h7 Kg7 39. Kd5 Kh8 40. Kc6 Kg7 41. Kxb6 Kh8 42. Kxa6 Kg7 43. b4 Kh8 44. b5 Kg7 45. b6 Kh8 46. b7 Kg7 47. b8Q Kh6 48. h8Q# 1-0

[Event "ROM-ch U08"]
[Site "Calimanesti Caciulata"]
[Date "2019.04.20"]
[Round "7"]
[White "Negrean, Andrei"]
[Black "Nemtisor, Andrei"]
[Result "1-0"]
[WhiteElo "1166"]
[BlackElo "1094"]
[PlyCount "191"]
[EventDate "2019.04.15"]
[EventType "swiss"]
[EventRounds "9"]
[EventCountry "ROU"]
[SourceTitle "CBM 190 Extra"]
[Source "ChessBase"]
[SourceDate "2019.07.15"]
[SourceVersion "1"]
[SourceVersionDate "2019.07.15"]
[SourceQuality "1"]

1. e4 c5 2. Nf3 e6 3. d4 cxd4 4. Nxd4 Nf6 5. Nc3 d6 6. Be2 Be7 7. 0-0 a6 8. f4 b5 9. Be3 Bb7 10. Bd3 Nbd7 11. a3 Nb6 12. Qe2 Rc8 13. Rad1 Nc4 14. Bc1 Nxa3 15. Rf3 Nc4 16. Rg3 0-0 17. Rh3 h6 18. Rg3 Kh8 19. f5 e5 20. Nb3 d5 21. exd5 Nxd5 22. Nxd5 Bxd5 23. Qh5 Qb6+ 24. Kh1 Qf6 25. Bxc4 Bxc4 26. Rh3 Rfd8 27. Re1 Qd6 28. Qg4 Rc7 29. Rg3 Bf6 30. Be3 Rcd7 31. Rh3 Be7 32. Rg3 Rg8 33. Bc5 Qd5 34. Bxe7 Rxe7 35. f6 Re6 36. fxg7+ Kh7 37. Qf5+ Rg6 38. Rxg6 fxg6 39. Qxe5 Qxe5 40. Rxe5 Rxg7 41. h3 Rd7 42. Rc5 Rd1+ 43. Kh2 Bf7 44. Rc6 Rb1 45. Rxa6 Rxb2 46. Ra7 Kg7 47. Nd4 Kf6 48. Rb7 b4 49. Rb6+ Ke5 50. Nc6+ Kd5 51. Nxb4+ Kc4 52. Nd5 Rxb6 53. Nxb6+ Kc3 54. Nd7 Kxc2 55. Ne5 Be8 56. Ng4 h5 57. Nf6 Bf7 58. Kg3 Kd3 59. Kf4 Ke2 60. Nd7 Kf2 61. g4 Kg2 62. gxh5 gxh5 63. h4 Kf2 64. Kg5 Ke3 65. Nf6 Bc4 66. Nxh5 Be2 67. Nf6 Kf2 68. Ng4+ Kg3 69. h5 Bd3 70. h6 Bb1 71. Ne5 Bh7 72. Ng6 Kf3 73. Kf6 Ke4 74. Kg7 Kf5 75. Kxh7 Kf6 76. Kg8 Kxg6 77. h7 Kf6 78. h8Q+ Kf5 79. Qh6 Ke5 80. Qh4 Kd5 81. Kf7 Ke5 82. Qf6+ Kd5 83. Qe7 Kd4 84. Qg5 Ke4 85. Ke6 Kd4 86. Qd5+ Ke3 87. Qc4 Kf3 88. Kf5 Ke3 89. Qe4+ Kd2 90. Qf3 Kc2 91. Ke4 Kd2 92. Qd3+ Kc1 93. Qe2 Kb1 94. Kd3 Ka1 95. Kc3 Kb1 96. Qb2# 1-0